Historia de la elocuencia cristiana (Record no. 152673)
[ view plain ]
| 000 -LEADER | |
|---|---|
| campo de control de longitud fija | 00863nam a2200181 i 4500 |
| 001 - NÚMERO DE CONTROL | |
| campo de control | 152673 |
| 003 - IDENTIFICADOR DE NÚMERO DE CONTROL | |
| campo de control | ES-MaACL |
| 005 - FECHA Y HORA DE LA ÚLTIMA TRANSACCIÓN | |
| campo de control | 20230906204834.0 |
| 008 - DATOS DE LONGITUD FIJA--INFORMACIÓN GENERAL | |
| campo de control de longitud fija | 931025m18641866sp |||| | spa d |
| 100 1# - ENTRADA PRINCIPAL--NOMBRE DE PERSONA | |
| Nombre de persona | Bravo y Tudela, Antonio. |
| 9 (RLIN) | 31513 |
| 245 10 - MENCIÓN DEL TÍTULO | |
| Título | Historia de la elocuencia cristiana |
| Resto del título | : su mision en nuestros dias y medios de realizarla / |
| Mención de responsabilidad, etc. | por Antonio Bravo y Tudela. |
| 260 ## - PUBLICACIÓN, DISTRIBUCIÓN, ETC. | |
| Lugar de publicación, distribución, etc. | Madrid : |
| Nombre del editor, distribuidor, etc. | [s.n.], |
| Fecha de publicación, distribución, etc. | 1864-1866 ( |
| Fabricante | Imprenta de Manuel Minuesa) |
| 300 ## - DESCRIPCIÓN FÍSICA | |
| Extensión | 3 v. (485 ; 458 ; 567 p.) ; |
| Dimensiones | 22 cm. |
| 500 #1 - NOTA GENERAL | |
| Nota general | El tomo tercero se publicó con tít.: "Tratado de la predicacion cristiana, segunda parte de la Historia de la elocuencia cristiana ó sea Mision de la Palabra Santa en nuestros dias y medios de realizarla" |
| 650 04 - PUNTO DE ACCESO ADICIONAL DE MATERIA--TÉRMINO DE MATERIA | |
| Término de materia o nombre geográfico como elemento de entrada | Predicación. |
| 9 (RLIN) | 16342 |
| 740 0# - ENTRADA AGREGADA--TÍTULO RELACIONADO/ANALÍTICO NO CONTROLADO | |
| Título relacionado o analítico no controlado | Tratado de la predicación cristiana. |
| 852 ## - LOCALIZACIÓN | |
| Ubicación | ES-MaACL |
| Número de control de estantería | G-11910-12 |
| Nota libre | -- Enc. hol. |
| Estatus retirado | Estado de pérdida | Estado de daño | No para préstamo | Colección | Biblioteca de origen | Biblioteca actual | Ubicación en estantería | Fecha de adquisición | Fuente de adquisición | Total de préstamos | Signatura topográfica completa | Código de barras | Visto por última vez | Precio de reemplazo | Tipo de ítem Koha |
|---|---|---|---|---|---|---|---|---|---|---|---|---|---|---|---|
| Libros del s. XIX | Biblioteca del Ateneo de Madrid | Biblioteca del Ateneo de Madrid | Sala Pecera Planta 3 | 17/01/2008 | G-11910-12 | 1159440 | 23/02/2023 | 23/02/2023 | Libro impreso antiguo |
